00850aab a2200205 i 4500001001000000003001000010005001700020008004100037040001900078041000800097100003000105245007800135300008000213520014500293650002300438650003700461773012100498942000800619999001700627768714001CO-MdFUSB20240422092447.0240418t1986 ag ||||| |||| 00| 0 spa d bspacCO-MdFUSB aspa1 aPadilla, C. Renéeautor 3aLa misión de la iglesia a la luz del reino de Diosc/ C. René Padilla aVolumen 5, número 3 y 4, (diciembre, 1986), páginas: 122 - 128c; 27 cm aMenciona que la predicación y la misión de Jesús no se basaron en la expectativa de la llegada del Reino, sino en su propia presencia. 7aReino de Dios9219 7aDiosxEnseñanza bíblica93230 tIglesia y Misión049402959679gVolumen 5, número 3 y 4, (diciembre, 1986), páginas: 122 - 128qpágina: 122  cANA c51670d51670